Потенциальный рейтинг вуза: факторы, формирующие установки выбора; Образование в Сибири; № 1 (12): спец. вып.

書誌詳細
Parent link:Образование в Сибири: журнал теоретических и прикладных исследований.— , 2004
№ 1 (12): спец. вып..— 2004.— С. 33-38
第一著者: Иванкина Л. И. Любовь Ивановна
要約:В фонде НТБ ТПУ отсутствует
言語:ロシア語
出版事項: 2004
主題:
フォーマット: 図書の章
KOHA link:https://koha.lib.tpu.ru/cgi-bin/koha/opac-detail.pl?biblionumber=599915

MARC

LEADER 00000naa0a2200000 4500
001 599915
005 20250124115225.0
035 |a (RuTPU)RU\TPU\tpu\24070 
035 |a RU\TPU\tpu\24009 
090 |a 599915 
100 |a 20131203d2004 k||y0rusy50 ca 
101 0 |a rus 
102 |a RU 
200 1 |a Потенциальный рейтинг вуза: факторы, формирующие установки выбора  |f Л. И. Иванкина 
320 |a Библиогр.: с. 38 (2 назв.) 
333 |a В фонде НТБ ТПУ отсутствует 
461 |t Образование в Сибири  |o журнал теоретических и прикладных исследований   |d 2004 
463 |t № 1 (12): спец. вып.  |v С. 33-38  |d 2004 
610 1 |a труды учёных ТПУ 
700 1 |a Иванкина  |b Л. И.  |c специалист в области философии, социологии и психологии образования  |c профессор Томского политехнического университета, доктор философских наук  |f 1956-  |g Любовь Ивановна  |3 (RuTPU)RU\TPU\pers\25426 
801 1 |a RU  |b 63413507  |c 20100914 
801 2 |a RU  |b 63413507  |c 20131203  |g RCR 
942 |c CR